Guess the 5 Seconds of Summer song with no hints #11 5SOS - Statistics

General Stats
  • This quiz has been taken 102 times
  • The average score is 172 of 343
Answer Stats
Answer % Correct
I
99%
you
95%
You
95%
a
91%
A
91%
the
90%
The
90%
love
83%
we
83%
We
83%
and
79%
when
78%
to
77%
(To
77%
your
76%
go
73%
go)
73%
in
68%
no
68%
it
67%
my
67%
My
67%
on
67%
so
63%
that
63%
I'm
62%
we're
62%
can
60%
is
59%
too
59%
are
56%
But
55%
had
55%
all
54%
could
53%
Was
53%
if
51%
way
50%
of
49%
our
47%
Our
47%
down:
46%
down
46%
just
46%
more
46%
night
46%
not
46%
now
45%
one
45%
said
45%
been
44%
let
42%
fall
41%
see
41%
place,
37%
place
37%
thought
37%
has
36%
home
36%
stay
36%
always
35%
knew
35%
part
35%
than
35%
(Than
35%
wanted
35%
Babylon
33%
face,
33%
still,
33%
still
33%
both
31%
gone
31%
Watch
31%
we've
31%
wish
31%
erased
29%
hardest
29%
Higher,
29%
higher,
29%
higher
29%
(Higher,
29%
higher)
29%
bright,
28%
fire's
28%
harder
28%
headspace
28%
we'd
28%
faded
27%
knowin'
27%
small
26%
drive
24%
trace
24%
base,
23%
loved
23%
blank
22%
fight
22%
tired
22%
amused
21%
Burnt
19%
burnt
19%
new
19%
phase
19%
start
19%
white
19%
clue
18%
phased
17%
residue
17%
short
17%
colour
15%
fuse
15%
mood
15%
slate,
15%
immune
14%
moon,
14%
cold
13%
June,
13%
feud,
12%
half-truths
12%
rude
12%
No matching quizzes found
Score Distribution
Percent of People with Each Score
Percentile by Number Answered
Your Score History
You have not taken this quiz